| 000 | 00324nam a2200109Ia 4500 | ||
|---|---|---|---|
| 005 | 20251222144734.0 | ||
| 008 | 251222s9999||||xx |||||||||||||| ||spa|| | ||
| 082 | _a808.8/P61 | ||
| 100 | _a"Pirandello, LuigiVon Heidenstam, VernerMann, Thomas" | ||
| 245 | 0 | _aNarraciones: Los paladines de Carlos XII. Tonio Kroger | |
| 942 | _cLIB | ||
| 999 |
_c18718 _d18718 |
||